000 00581nam a2200205Ia 4500
003 OSt
005 20230516145707.0
008 210423s1974 xx 000 0 und d
040 _cAL
041 _aeng
082 _a307.72
_223
_bTAIL
100 _aTAI (Hung Chao)
_9105641
245 _aLand reforms and politics: comparative analysis
260 _aLondon
_bUniversity of California Press
_c1974
365 _cINR
650 _aRural Communities
_9105642
650 _aSociology
_9105643
906 _aanalysis ; comparative ; Land ; politics: ; reforms
942 _2ddc
_cBK
999 _c172231
_d172231